MARC details
| 000 -CABECERA |
| campo de control de longitud fija |
02166nas a2200289 i 4500 |
| 005 - FECHA Y HORA DE LA ÚLTIMA TRANSACCIÓN |
| campo de control |
20260427150433.0 |
| 007 - CAMPO FIJO DE DESCRIPCIÓN FÍSICA--INFORMACIÓN GENERAL |
| campo de control de longitud fija |
ta |
| 008 - DATOS DE LONGITUD FIJA--INFORMACIÓN GENERAL |
| campo de control de longitud fija |
260427e2025 dr fn|p|r||||||0| | spa d |
| 022 ## - NÚMERO INTERNACIONAL NORMALIZADO PARA PUBLICACIONES SERIADAS |
| Número Internacional Normalizado para Publicaciones Seriadas |
3060-9704 |
| 022 ## - NÚMERO INTERNACIONAL NORMALIZADO PARA PUBLICACIONES SERIADAS |
| Número Internacional Normalizado para Publicaciones Seriadas |
E-3060-9712 |
| 040 ## - FUENTE DE LA CATALOGACIÓN |
| Centro catalogador/agencia de origen |
AGN |
| Lengua de catalogación |
spa |
| Centro/agencia transcriptor |
AGN |
| Centro/agencia modificador |
DO-SdBNP |
| Normas de descripción |
rda |
| 041 ## - CÓDIGO DE LENGUA |
| Código de lengua del texto/banda sonora o título independiente |
spa |
| 110 ## - ENTRADA PRINCIPAL--NOMBRE DE ENTIDAD CORPORATIVA |
| Nombre de entidad corporativa o nombre de jurisdicción como elemento de entrada |
Universidad Autónoma de Santo Domingo UASD, Facultad de Artes |
| 9 (RLIN) |
89419 |
| 245 ## - MENCIÓN DE TÍTULO |
| Título |
In Artes. Revista de Investigación Artística de la Facultad de Artes de la UASD / |
| Mención de responsabilidad, etc. |
Universidad Autónoma de Santo Domingo, Facultad de Artes. |
| 264 ## - PRODUCCIÓN, PUBLICACIÓN, DISTRIBUCIÓN, FABRICACIÓN Y COPYRIGHT |
| Producción, publicación, distribución, fabricación y copyright |
Santo Domingo, República Dominicana : |
| Nombre del de productor, editor, distribuidor, fabricante |
Universidad Autónoma de Santo Domingo UASD, |
| Fecha de producción, publicación, distribución, fabricación o copyright |
2025. |
| 300 ## - DESCRIPCIÓN FÍSICA |
| Extensión |
volumen : |
| Otras características físicas |
ilustraciones, fotografías, pinturas, tablas ; |
| Dimensiones |
30.5 cm. |
| 310 ## - PERIODICIDAD ACTUAL |
| Periodicidad actual |
Semestral. |
| 336 ## - TIPO DE CONTENIDO |
| Término de tipo de contenido |
texto |
| Código de tipo de contenido |
txt |
| Fuente |
rdacontent |
| 337 ## - TIPO DE MEDIO |
| Nombre/término del tipo de medio |
sin mediación |
| Código del tipo de medio |
n |
| Fuente |
rdamedia |
| 338 ## - TIPO DE SOPORTE |
| Nombre/término del tipo de soporte |
volumen |
| Código del tipo de soporte |
nc |
| Fuente |
rdacarrier |
| 362 ## - FECHAS DE PUBLICACIÓN Y/O DESIGNACIÓN SECUENCIAL |
| Fecha de publicación y/o designación secuencial |
Año 2. No. 2 (febrero-agosto 2025). |
| 500 ## - NOTA GENERAL |
| Nota general |
Catalogación basada en el Año 2. No. 2 (febrero-agosto 2025). |
| 500 ## - NOTA GENERAL |
| Nota general |
La revista In Artes es el órgano oficial de comunicación del Instituto de Investigación de las Artes de la Facultada de Artes de la Universidad Autónoma de Santo Domingo. |
| 520 ## - SUMARIO, ETC. |
| Sumario, etc. |
InArtes tendrá una periodicidad semestral y estará disponible en formato físico y digital. La revista cuenta con un Consejo Editorial integrado por la decana Arelis Subero, el vicedecano Dr. Fidel Munnigh, los doctores Odalís G. Pérez y Fabio Abreu, y el maestro Plinio Chahín. "En nuestro plan de gestión, desde la dirección del Decanato, el Consejo Directivo, la Dirección de Investigación y el Instituto de Investigación de las Artes (INARTES), asumimos el compromiso de promover la investigación como eje académico dentro de nuestro cuerpo docente. Esta iniciativa busca difundir el conocimiento artístico a través de trabajos de alta calidad que vinculen temáticas de interés con referencias conceptuales, teóricas y analíticas, consolidando así un sistema y una práctica de investigación en las artes". |
| 650 #0 - PUNTO DE ACCESO ADICIONAL DE MATERIA--TÉRMINO DE MATERIA |
| Término de materia o nombre geográfico como elemento de entrada |
Artes |
| Subdivisión de forma |
Publicaciones periódicas |
| Subdivisión general |
Investigaciones |
| 9 (RLIN) |
31065 |
| Subdivisión geográfica |
República Dominicana |
| 942 ## - ELEMENTOS DE PUNTO DE ACCESO ADICIONAL (KOHA) |
| Fuente del sistema de clasificación o colocación |
Dewey Decimal Classification |
| Tipo de ítem Koha |
Publicación periódica |